| 000 | 00428nam a2200169Ia 4500 | ||
|---|---|---|---|
| 001 | 23673 | ||
| 003 | IN-NITTTR | ||
| 005 | 20251114233305.0 | ||
| 008 | 251113s9999||||xx |||||||||||||| ||eng|| | ||
| 040 | _beng | ||
| 040 | _cIN-NITTTR | ||
| 041 | _aeng | ||
| 082 | _a005.432 S91I | ||
| 100 | _aStulaz, Russel A. | ||
| 245 | 0 |
_aIllustrated MS-DOS 6.22 : _b and all previous MS/PC-Versions / _cStulaz, Russel A. |
|
| 942 |
_2ddc _cBK |
||
| 999 |
_c26302 _d26302 |
||